000
00340nam a2200133Ia 4500
008
220216s9999 xx 000 0 und d
100
_a
Reeny Joseph
245
0
_a
Role of UPASI in rubber plantation development
260
_b
Planters Chronicle
_c
2002
300
_a
494-495
650
_a
Rubber plantation
650
_a
UPASI
942
_c
JS
999
_c
67224
_d
67224